Το αρχαίο δράμα και η αναβίωση του
Saved in:
| Main Author: | |
|---|---|
| Other Authors: | |
| Format: | Book |
| Language: | Greek |
| Published: |
Αθήνα :
Αστρολάβος/ Ευθύνη,
1987.
|
| Series: | Αστρολάβος
30 |
| Subjects: | |
| Tags: |
Add Tag
No Tags, Be the first to tag this record!
|
MARC
| LEADER | 00000cam a2200000 i 4500 | ||
|---|---|---|---|
| 001 | 1/35228 | ||
| 008 | 941103s1987 gr | ||| |||| ||gre|| | ||
| 035 | |a 1991 |l 10039883 | ||
| 040 | |a GR-MyUA |b gre |e AACR2 | ||
| 041 | 0 | |a gre | |
| 082 | 0 | |a 792.01 | |
| 100 | 1 | |a Μινωτής, Αλέξης Σ., |d 1900-1990. | |
| 245 | 1 | 3 | |a Το αρχαίο δράμα και η αναβίωση του / |c Αλέξη Μινωτή ; πρόλογος Χρήστου Μαλεβίτση. |
| 260 | |a Αθήνα : |b Αστρολάβος/ Ευθύνη, |c 1987. | ||
| 300 | |a 52 σ. ; |c 20 εκ. | ||
| 490 | 1 | |a (Αστρολάβος |v ; 30) | |
| 650 | 0 | 0 | |a Greek drama (Tragedy) |x History and criticism. |
| 650 | 0 | 0 | |a Theater |z Greece. |
| 650 | 0 | 0 | |a Greek drama (Tragedy) |
| 700 | 1 | |a Μαλεβίτσης, Χρήστος Χ., |d 1927-1997, |e aui | |
| 830 | 0 | |a Αστρολάβος |v 30 | |
| 852 | |a INST |b CHIOS |e 19960911 |h 882.01 ΜΙΝ |p 005200011962 |q 005200011962 |t BK |y 0 | ||
| 852 | |a INST |b CHIOS |e 19960911 |h 882.01 ΜΙΝ |p 005200011963 |q 005200011963 |t BK |y 0 | ||
| 852 | |a INST |b SAMOS |e 19941103 |h 792.01 ΜΙΝ |p 005300000583 |q 005300000583 |t BK |y 0 | ||
| 852 | |a INST |b SAMOS |e 19941103 |h 792.01 ΜΙΝ |p 005300000584 |q 005300000584 |t BK |y 0 | ||
| 909 | |a Σ |b 019231 | ||
| 909 | |a Χ |b 019412 | ||
| 909 | |a Σ |b 019232 | ||
| 909 | |a Χ |b 019411 | ||